| 000 | 00808cab a2200253 4500 | ||
|---|---|---|---|
| 001 | X1604 | ||
| 008 | 090401t1994 xxu||||| |||| 00| 0 eng d | ||
| 035 | _a(Sirsi) u18036 | ||
| 041 | _aeng | ||
| 100 | _aTurner, R. | ||
| 245 | _aAvoidance and resolution of construction disputes - prior to and during the construction process | ||
| 260 | _c1994 | ||
| 350 | _a0 | ||
| 490 |
_aInternational Construction Law Review _v11(3) July 1994, 384-394(11) |
||
| 650 | _aCONSTRUCTION DISPUTES | ||
| 650 | _aCONTRACT DOCUMENTS | ||
| 650 |
_aContracts _96232 |
||
| 650 |
_aDISPUTE RESOLUTION _96236 |
||
| 650 | _aDISPUTES | ||
| 690 | _aMANAGEMENT-DISPUTE AVOIDANCE, MANAGEMENT AND RESOLUTION-DISPUTE MANAGEMENT AND RESOLUTION-ARBITRATION | ||
| 690 | _aBUILT ENVIRONMENT | ||
| 942 | _n0 | ||
| 948 | _c04/03/1997 | ||
| 999 |
_c11959 _d11959 |
||